Artificial intelligence (Record no. 377)
[ view plain ]
| 000 -LEADER | |
|---|---|
| fixed length control field | 00406nam a2200169Ia 4500 |
| 008 - FIXED-LENGTH DATA ELEMENTS--GENERAL INFORMATION | |
| fixed length control field | 130318s9999 xx 000 0 und d |
| 020 ## - INTERNATIONAL STANDARD BOOK NUMBER | |
| International Standard Book Number | 74600818 |
| 082 ## - DEWEY DECIMAL CLASSIFICATION NUMBER | |
| Classification number | 006.3 RIC/A |
| 100 ## - MAIN ENTRY--PERSONAL NAME | |
| Personal name | Rich, Elaine |
| 245 ## - TITLE STATEMENT | |
| Title | Artificial intelligence |
| 250 ## - EDITION STATEMENT | |
| Edition statement | 2 |
| 260 ## - PUBLICATION, DISTRIBUTION, ETC. | |
| Name of publisher, distributor, etc. | Tata Mc Graw Hill |
| Place of publication, distribution, etc. | New Delhi |
| Date of publication, distribution, etc. | 2001 |
| 300 ## - PHYSICAL DESCRIPTION | |
| Extent | 621 |
| 650 ## - SUBJECT ADDED ENTRY--TOPICAL TERM | |
| Topical term or geographic name entry element | AI |
| 650 ## - SUBJECT ADDED ENTRY--TOPICAL TERM | |
| Topical term or geographic name entry element | ARTIFICIAL INTELLIGENCE |
| 700 ## - ADDED ENTRY--PERSONAL NAME | |
| Personal name | Knight, Kevin |
| Withdrawn status | Lost status | Source of classification or shelving scheme | Damaged status | Not for loan | Collection code | Home library | Current library | Shelving location | Date acquired | Cost, normal purchase price | Total Checkouts | Full call number | Barcode | Date last seen | Date last checked out | Price effective from | Koha item type |
|---|---|---|---|---|---|---|---|---|---|---|---|---|---|---|---|---|---|
| Dewey Decimal Classification | Artificial Intelligence/ Computational Intelligence / Cognitive Computing | Kerala University of Digital Sciences, Innovation and Technology Knowledge Centre | Kerala University of Digital Sciences, Innovation and Technology Knowledge Centre | Computer Science | 18/03/2013 | 175.00 | 2 | 006.3 RIC/A;2 | 378 | 08/02/2016 | 15/01/2016 | 18/03/2013 | Books |